LDR 00752naa#a2200181#i#450# 001 RU\\bibl\113709 005 20260417141213.5 011 ## _a2713-1424 100 ## _a20260407b2026####ek#y0rusy0150####ca 102 ## _aRU 200 1# _aМЕХАНИЗМ УПРАВЛЕНИЯ ТОВАРНЫМИ ОСТАТКАМИ В ОПТОВОЙ НЕСПЕЦИАЛИЗИРОВАННОЙ ТОРГОВЛЕ _eЖурнальная статья 210 1# _aМосква _cЭлектронная наука _d2026 215 ## _a14 с. 608 ## _aЖурнальная статья _2local 675 ## _aОптовая торговля. 339.33 _z 700 #1 _aШайбакова _gЛюдмила Фаритовна 700 #1 _aАкимова _gНаталья Валерьевна 856 4# _amshj.ru _u